000
00290nam a22001337a 4500
008
180914b xxu||||| |||| 00| 0 eng d
020
_a
023104142
041
_a
eng
080
_a
101
100
_a
24
101
_a
FIL
245
_a
The Making of the Mind
_c
Randall, J.H
942
_2
udc
_c
BK
999
_c
47757
_d
47757